| 000 | 01050nam2a22002531 4500 | ||
|---|---|---|---|
| 001 | v19\rc\1265438 | ||
| 005 | 20260406165008.0 | ||
| 035 | _a(NLR Aleph) 005192867 | ||
| 090 |
_a5230965 _c5230965 |
||
| 100 | _a20060306d1895 |||y0rusy50 ca | ||
| 101 | 0 | _arus | |
| 102 | _aRU | ||
| 105 | _ay z ||||| | ||
| 200 | 1 | _aВеликан Иеус | |
| 210 |
_aСанкт-Петербург _d1895 |
||
| 461 | 0 |
_1001v19\rc\1265395 _12001#$aИллюстрированная сказочная библиотека Ф. Павленкова$v№ 44 _95230742 _cСанкт-Петербург _d1894 _nтип. Контрагентства жел. дор. _tИллюстрированная сказочная библиотека Ф. Павленкова _v№ 44 |
|
| 700 | 1 |
_7ca _8rus _aСанд _bЖ. _f1804-1876 _gЖорж _9121141 _3RU\NLR\AUTH\7711394 |
|
| 801 | 2 |
_aRU _bNLR _c20090529 _2rusmarc |
|
| 801 | 0 |
_aRU _bNLR _c20060306 _gpsbo |
|
| 801 | 1 |
_aRU _bProSoft-M _c20060306 _2rusmarc |
|
| 852 |
_aNLR _j18.275.5.85 |
||
| 852 |
_aNLR _j20.59.5.1 |
||
| 942 | _cBOOK | ||
| 980 | _aNB | ||